000 00474nam a22001937a 4500
003 LK-CoDNM
005 20241220144655.0
008 241220b |||||||| |||| 00| 0 eng d
040 _aLK-CoDNM
_dLK-CoDNM
_eLK-CoDNM
041 _aeng
080 _a2
_bR21
100 _aA.O. Walker, F.L.S.
245 _aNational antarctic expedition natural history
_b-Vol.3
260 _c1907
300 _b38p. : ill ; 28 cm
650 _a1907
650 _aScience
942 _cBK
999 _c233864
_d233864